[Event "ASIAN JUNIORS & GIRLS UNDER-20 CHESS CHAMPIONSHIPS"]
[Site "Tagaytay City, Philippines"]
[Date "2014.11.29"]
[Round "1"]
[Board "1"]
[White "SUPRIYA, Joshi"]
[Black "IVANA MARIA, Furtado"]
[Result "1/2-1/2"]
[WhiteElo "1895"]
[BlackElo "2219"]
[PlyCount "160"]
[EventDate "2014.11.29"]
[EventRounds "9"]
[EventCountry "PHI"]

1. e4 e5 2. Nf3 Nc6 3. Bb5 a6 4. Ba4 Nf6 5. O-O Be7 6. Re1 b5 7. Bb3 d6 8. c3
O-O 9. d4 Bg4 10. Be3 d5 11. exd5 Nxd5 12. dxe5 Nxe3 13. Rxe3 Bc5 14. Re1 Qe7
15. Nbd2 Rad8 16. Qc2 Na5 17. Qe4 Bh5 18. Qf4 h6 19. Ne4 Bxf3 20. gxf3 Nc4 21.
Nf6+ Kh8 22. Qf5 gxf6 23. exf6 Qd7 24. Qh5 Qd2 25. Qxc5 Rg8+ 26. Kh1 Qf4 27.
Qh5 Qxf6 28. Re7 Rg6 29. Rae1 Rdg8 30. Re8 Nd2 31. Qe5 Rxe8 32. Qxf6+ Rxf6 33.
Rxe8+ Kg7 34. Bd5 Nxf3 35. Bxf3 Rxf3 36. Kg2 Rf4 37. b3 Rf6 38. Re4 Rc6 39. Re3
Rd6 40. Kf3 Rd2 41. Re2 Rd3+ 42. Re3 Rd1 43. Re7 Rd3+ 44. Re3 Rd1 45. Re7 c6
46. Re2 Rh1 47. Kg2 Rc1 48. Re3 Ra1 49. Re2 Rc1 50. Re3 Ra1 51. Re2 Kf6 52. Kf3
a5 53. Ke4 Rd1 54. Ke3 Kf5 55. c4 b4 56. a3 c5 57. axb4 axb4 58. Ra2 Rh1 59.
Rd2 Rxh2 60. Rd5+ Kg4 61. f3+ Kg3 62. Rxc5 Rb2 63. Rh5 Rxb3+ 64. Ke4 Rc3 65.
Kd4 Rxf3 66. Rxh6 f5 67. Rb6 b3 68. c5 f4 69. Ke4 Rf1 70. Rb4 Rc1 71. Kd5 f3
72. Rxb3 Kf4 73. Rb2 Rd1+ 74. Ke6 Re1+ 75. Kd7 Re2 76. Rb1 f2 77. Rf1 Rd2+ 78.
Ke6 Rc2 79. Kd6 Rd2+ 80. Ke6 Rc2  1/2-1/2

[Event "ASIAN JUNIORS & GIRLS UNDER-20 CHESS CHAMPIONSHIPS"]
[Site "Tagaytay City, Philippines"]
[Date "2014.11.29"]
[Round "1"]
[Board "2"]
[White "NANDHIDHAA, Pv"]
[Black "ROMERO, Gladys Hazelle"]
[Result "1-0"]
[WhiteElo "2177"]
[BlackElo "1838"]
[PlyCount "59"]
[EventDate "2014.11.29"]
[EventRounds "9"]
[EventCountry "PHI"]

1. e4 e6 2. d4 d5 3. Bd3 dxe4 4. Bxe4 Nf6 5. Bf3 c6 6. Ne2 Bd6 7. O-O Qc7 8. h3
O-O 9. c4 Nbd7 10. Nbc3 e5 11. d5 cxd5 12. cxd5 Re8 13. Ng3 Nc5 14. Re1 Bd7 15.
Bg5 Be7 16. Rc1 Qd6 17. b4 Na6 18. a3 Rac8 19. Qd3 h6 20. Bxf6 Bxf6 21. Nge4
Qb6 22. d6 Bd8 23. Nd5 Rxc1 24. Rxc1 Qb5 25. Qxb5 Bxb5 26. Nc5 Nxc5 27. Rxc5
Bc6 28. Nc7 Bxc7 29. dxc7 e4 30. Bg4  1-0

[Event "ASIAN JUNIORS & GIRLS UNDER-20 CHESS CHAMPIONSHIPS"]
[Site "Tagaytay City, Philippines"]
[Date "2014.11.29"]
[Round "1"]
[Board "3"]
[White "ZISHA, Zahuratul Zannat"]
[Black "ZHYLKAIDAROVA,  Sholpan"]
[Result "0-1"]
[WhiteElo "1736"]
[BlackElo "2149"]
[PlyCount "102"]
[EventDate "2014.11.29"]
[EventRounds "9"]
[EventCountry "PHI"]

1. e4 c5 2. Nf3 Nc6 3. d4 cxd4 4. Nxd4 Nf6 5. Nc3 e5 6. Ndb5 d6 7. Nd5 Nxd5 8.
exd5 Nb8 9. Be3 Be7 10. Bd3 O-O 11. O-O a6 12. Nc3 f5 13. f4 Nd7 14. fxe5 Nxe5
15. Ne2 Ng4 16. Qd2 Nxe3 17. Qxe3 Bg5 18. Qf3 Qb6+ 19. Kh1 Qxb2 20. Ng3 g6 21.
Ne4 Be7 22. Ng3 Qg7 23. Rae1 Bf6 24. Re2 Bd7 25. c4 Rae8 26. Rb1 Bc8 27. Rbe1
Re5 28. Rc1 Qh6 29. Rce1 Rfe8 30. Nf1 Rxe2 31. Rxe2 Rxe2 32. Qxe2 Bd7 33. Qf2
Qc1 34. Qc2 Qxc2 35. Bxc2 Kf7 36. Nd2 Bd4 37. g3 Kf6 38. Nf3 Bc5 39. Kg2 b5 40.
Bd3 bxc4 41. Bxc4 Bb5 42. Bb3 g5 43. h4 g4 44. Ng5 h6 45. Ne6 Be3 46. Nc7 Bd3
47. Ne8+ Ke5 48. Nc7 f4 49. gxf4+ Bxf4 50. h5 Be4+ 51. Kf1 g3  0-1

[Event "ASIAN JUNIORS & GIRLS UNDER-20 CHESS CHAMPIONSHIPS"]
[Site "Tagaytay City, Philippines"]
[Date "2014.11.29"]
[Round "1"]
[Board "4"]
[White "PUJARI, Rucha"]
[Black "JAISWAL, Bina"]
[Result "1-0"]
[WhiteElo "2109"]
[BlackElo "1557"]
[PlyCount "71"]
[EventDate "2014.11.29"]
[EventRounds "9"]
[EventCountry "PHI"]

1. d4 d5 2. Nf3 Nf6 3. g3 Bg4 4. Bg2 e6 5. O-O Bd6 6. c4 c6 7. b3 O-O 8. Bb2
Nbd7 9. Ne5 Bf5 10. e3 h5 11. h3 Qc7 12. f4 g6 13. Nd2 Bb4 14. Ndf3 Ne4 15. g4
Ng3 16. gxf5 Nxf1 17. Qxf1 exf5 18. Rc1 Nf6 19. a3 Be7 20. cxd5 Nxd5 21. Qf2
Rad8 22. b4 Qb8 23. Nd2 a6 24. Kh1 Qa7 25. Ndc4 Bf6 26. Rg1 Bg7 27. Bf3 Ne7 28.
Qg2 Qb8 29. Bxh5 Rfe8 30. Nxf7 Rd7 31. Nfe5 Rc7 32. Nxg6 Nxg6 33. Qxg6 Ree7 34.
Qxf5 Qf8 35. Qg6 Qf6 36. Qxf6  1-0

[Event "ASIAN JUNIORS & GIRLS UNDER-20 CHESS CHAMPIONSHIPS"]
[Site "Tagaytay City, Philippines"]
[Date "2014.11.29"]
[Round "1"]
[Board "5"]
[White "SHAIKHA, Abdallah Aldhaheri"]
[Black "SARANYA, J"]
[Result "0-1"]
[WhiteElo "1555"]
[BlackElo "2104"]
[PlyCount "70"]
[EventDate "2014.11.29"]
[EventRounds "9"]
[EventCountry "PHI"]

1. d4 Nf6 2. c4 g6 3. Nc3 Bg7 4. e4 d6 5. Nf3 O-O 6. Be2 e5 7. d5 Ne8 8. Bg5
Qd7 9. Nd2 f5 10. f3 f4 11. Bh4 a5 12. b3 h6 13. a3 Bf6 14. Bf2 Na6 15. Rb1 Qe7
16. b4 Bh4 17. g3 Bg5 18. c5 Bh3 19. Bxa6 bxa6 20. g4 Bh4 21. c6 Ng7 22. Qe2 h5
23. gxh5 Nxh5 24. Bxh4 Qxh4+ 25. Qf2 Qe7 26. Rg1 Kh7 27. Nc4 a4 28. Nxa4 g5 29.
Ke2 Rg8 30. Rb3 Rg6 31. Nab2 Nf6 32. Nd3 g4 33. Rbb1 Rag8 34. a4 gxf3+ 35. Qxf3
Bg2  0-1

[Event "ASIAN JUNIORS & GIRLS UNDER-20 CHESS CHAMPIONSHIPS"]
[Site "Tagaytay City, Philippines"]
[Date "2014.11.29"]
[Round "1"]
[Board "6"]
[White "SAN DIEGO, Marie Antoinette"]
[Black "AL-MOAAMARI, Mozah"]
[Result "1-0"]
[WhiteElo "2063"]
[BlackElo "1457"]
[PlyCount "66"]
[EventDate "2014.11.29"]
[EventRounds "9"]
[EventCountry "PHI"]

1. d4 d5 2. Bf4 c6 3. e3 Bf5 4. c4 e6 5. Nc3 Nf6 6. Qb3 Qb6 7. c5 Qxb3 8. axb3
Nbd7 9. b4 Be7 10. b5 O-O 11. bxc6 bxc6 12. Nf3 Nh5 13. Bc7 Rfc8 14. Ba5 a6 15.
Be2 Rcb8 16. Ne5 Nhf6 17. Nxc6 Re8 18. Nxe7+ Rxe7 19. Kd2 Ree8 20. Bc7 Rec8 21.
Bd6 a5 22. Ra2 Ne8 23. Bg3 Ra7 24. Rha1 Rca8 25. Nb5 Rb7 26. Rxa5 Rc8 27. Ra8
Rxa8 28. Rxa8 Ndf6 29. c6 Re7 30. c7 Rxc7 31. Nxc7 h6 32. Nxe8 Nxe8 33. Rxe8+
Kh7  1-0

[Event "ASIAN JUNIORS & GIRLS UNDER-20 CHESS CHAMPIONSHIPS"]
[Site "Tagaytay City, Philippines"]
[Date "2014.11.29"]
[Round "1"]
[Board "7"]
[White "SAN DIEGO, Jerlyn Mae"]
[Black "SUEDE, Mikee Charlene"]
[Result "1-0"]
[WhiteElo "1411"]
[BlackElo "1938"]
[PlyCount "109"]
[EventDate "2014.11.29"]
[EventRounds "9"]
[EventCountry "PHI"]

1. e4 e6 2. d4 d5 3. Nc3 Nc6 4. Nf3 Nf6 5. Bg5 Be7 6. e5 Ne4 7. Bxe7 Qxe7 8.
Bd3 Qb4 9. O-O Nxc3 10. bxc3 Qxc3 11. Ng5 Qxd4 12. Qh5 Nxe5 13. Nxh7 Nxd3 14.
Nf6+ gxf6 15. Qxh8+ Ke7 16. cxd3 b5 17. Rac1 c5 18. Rfd1 Bb7 19. Qh3 Rg8 20.
Qf3 Bc6 21. g3 b4 22. Qe3 Qxe3 23. fxe3 Kd6 24. Kf2 a5 25. h4 f5 26. h5 Rh8 27.
Rh1 Rh6 28. Rh2 Bb5 29. Rd1 a4 30. Kf3 e5 31. g4 Bxd3 32. g5 Be4+ 33. Kg3 Rh7
34. h6 c4 35. Rb2 Kc5 36. Kf2 c3 37. Rc1 Kb5 38. Rxc3 f6 39. gxf6 Rxh6 40. f7
Rf6 41. Rc7 d4 42. exd4 exd4 43. Rd2 b3 44. axb3 axb3 45. Rxd4 b2 46. Rd1 Kb4
47. Rd8 b1=Q 48. Rb8+ Ka5 49. Ra7+ Ra6 50. Rxa6+ Kxa6 51. Rxb1 Bxb1 52. f8=Q
Be4 53. Qb4 Bc6 54. Ke3 Be4 55. Kd4  1-0

[Event "ASIAN JUNIORS & GIRLS UNDER-20 CHESS CHAMPIONSHIPS"]
[Site "Tagaytay City, Philippines"]
[Date "2014.11.30"]
[Round "2"]
[Board "1"]
[White "SARANYA, J"]
[Black "NANDHIDHAA, Pv"]
[Result "1/2-1/2"]
[WhiteElo "2104"]
[BlackElo "2177"]
[PlyCount "182"]
[EventDate "2014.11.29"]
[EventRounds "9"]
[EventCountry "PHI"]

1. e4 c5 2. Nf3 d6 3. b3 Nc6 4. Bb2 Nf6 5. Nc3 e5 6. Be2 g6 7. d3 Bg7 8. O-O
O-O 9. Re1 h6 10. Bf1 Bg4 11. h3 Be6 12. g3 Qd7 13. Kh2 Nh7 14. Bg2 Ng5 15.
Nxg5 hxg5 16. Qd2 f6 17. Ne2 Kf7 18. g4 Rh8 19. Kg1 d5 20. Ng3 d4 21. a4 Bf8
22. Qe2 Be7 23. Qf3 Kg7 24. Qe2 Rab8 25. Bc1 b6 26. Qf3 Bf7 27. Nf1 a6 28. Nd2
Nd8 29. Bf1 Ne6 30. Nc4 b5 31. Nb2 Bd8 32. Bd2 Nf4 33. Qg3 Bb6 34. a5 Bc7 35.
f3 Be6 36. Bxf4 gxf4 37. Qf2 f5 38. Bg2 fxg4 39. fxg4 Rbf8 40. Qf3 Qd8 41. Rf1
Bxa5 42. Ra2 Bc8 43. Qe2 Bb6 44. Rf3 Qc7 45. Kf1 a5 46. Nd1 Be6 47. Ra1 c4 48.
bxc4 bxc4 49. Kg1 Rc8 50. Rf1 c3 51. Nf2 Ra8 52. Bf3 a4 53. g5 Qe7 54. Kh2 Qxg5
55. Rg1 Qe7 56. Bg4 a3 57. Bf5 Bf7 58. Qg4 Qh4 59. Qg2 Qg3+ 60. Qxg3 fxg3+ 61.
Rxg3 Kh7 62. Bd7 Ra7 63. Bb5 Rc8 64. Ng4 Rc5 65. Nf6+ Kg7 66. Ne8+ Kf8 67. Nd6
Ke7 68. Nxf7 Rxb5 69. Nh8 Rb2 70. Nxg6+ Kd6 71. Rg2 a2 72. h4 Rb1 73. Rg1 Rxa1
74. Rxa1 Ke6 75. h5 Bd8 76. Kg3 Bg5 77. Kh3 Bc1 78. Kg4 Bb2 79. Rxa2 Rxa2 80.
h6 Ra8 81. h7 Kf6 82. h8=Q+ Rxh8 83. Nxh8 Kg7 84. Kf5 Kxh8 85. Kxe5 Kg7 86.
Kxd4 Kf6 87. Kd5 Bc1 88. e5+ Kf5 89. e6 Bg5 90. Kc4 Kxe6 91. Kxc3 Bf6+  1/2-1/2

[Event "ASIAN JUNIORS & GIRLS UNDER-20 CHESS CHAMPIONSHIPS"]
[Site "Tagaytay City, Philippines"]
[Date "2014.11.30"]
[Round "2"]
[Board "2"]
[White "ZHYLKAIDAROVA,  Sholpan"]
[Black "SAN DIEGO, Marie Antoinette"]
[Result "1-0"]
[WhiteElo "2149"]
[BlackElo "2063"]
[PlyCount "191"]
[EventDate "2014.11.29"]
[EventRounds "9"]
[EventCountry "PHI"]

1. d4 d5 2. c4 c6 3. Nf3 Nf6 4. Nc3 a6 5. e3 b5 6. b3 Bg4 7. Be2 e6 8. O-O Nbd7
9. Bb2 Bd6 10. h3 Bh5 11. Ne5 Bxe2 12. Nxe2 dxc4 13. bxc4 Qc7 14. Nxd7 Qxd7 15.
Qc2 O-O 16. e4 Be7 17. Ng3 bxc4 18. Qxc4 Rfc8 19. Rfd1 Rab8 20. Bc3 c5 21. Qxa6
c4 22. Rdb1 Ra8 23. Qb7 Ra3 24. Qb2 Rca8 25. Qc2 h6 26. Rb2 Qa4 27. Qd2 Bd8 28.
Rc2 Ba5 29. Bxa5 Rxa5 30. Qe2 Rd3 31. Rd1 Qb5 32. Kh2 Raa3 33. Rdc1 Rxd4 34.
Rxc4 Rxc4 35. Rxc4 Qa6 36. Rc2 Qxe2 37. Rxe2 Nd7 38. Rc2 Ne5 39. Ne2 Nd3 40.
Nc3 Nb4 41. Rb2 Nd3 42. Nb1 Nxb2 43. Nxa3 Na4 44. Nb5 Kf8 45. Kg3 Ke7 46. Kf4
Nc5 47. Ke3 e5 48. Nc3 Kd6 49. f3 Ne6 50. Nd5 Kc5 51. Kd3 Nd4 52. a4 Nc6 53.
Kc3 Nd4 54. Ne3 Ne2+ 55. Kb3 Nd4+ 56. Ka3 h5 57. Nf5 Nc2+ 58. Kb3 Ne1 59. Nxg7
h4 60. Nf5 Nxg2 61. Kc3 Nf4 62. Nxh4 Nxh3 63. Ng2 Ng1 64. Ne1 Ne2+ 65. Kd2 Nd4
66. Nd3+ Kd6 67. Ke3 Nc2+ 68. Kf2 f6 69. Kg3 Ne3 70. Kh4 Nc2 71. Kh5 Nd4 72.
Kg4 Ke7 73. Nb4 Nb3 74. Nd5+ Ke6 75. Ne3 Kf7 76. Nc4 Ke6 77. a5 Nc5 78. Ne3 Na6
79. Nc2 Ke7 80. Kf5 Kf7 81. Ne3 Nc5 82. Nd5 Nb3 83. a6 Nd4+ 84. Kg4 Nb5 85. Nb4
Ke6 86. Nc6 Kd7 87. a7 Nc7 88. Nb4 Ke6 89. Nd3 Na8 90. Nb2 Nc7 91. Nc4 Na8 92.
Ne3 Nc7 93. Kh5 Kf7 94. Kh6 Ke6 95. Kg6 Na8 96. Ng4  1-0

[Event "ASIAN JUNIORS & GIRLS UNDER-20 CHESS CHAMPIONSHIPS"]
[Site "Tagaytay City, Philippines"]
[Date "2014.11.30"]
[Round "2"]
[Board "3"]
[White "MENDOZA, Shania Mae"]
[Black "PUJARI, Rucha"]
[Result "0-1"]
[WhiteElo "1907"]
[BlackElo "2109"]
[PlyCount "84"]
[EventDate "2014.11.29"]
[EventRounds "9"]
[EventCountry "PHI"]

1. e4 e5 2. Nf3 Nc6 3. d4 exd4 4. Bc4 Nf6 5. e5 Ng4 6. Qe2 Qe7 7. Bf4 d6 8.
exd6 Qxe2+ 9. Bxe2 Bxd6 10. Bxd6 cxd6 11. O-O Nge5 12. Na3 Bg4 13. Rfe1 Bxf3
14. Bxf3 O-O-O 15. Bd5 g5 16. Rad1 a6 17. Nc4 Nxc4 18. Bxc4 d5 19. Bd3 h6 20.
f3 Rhe8 21. Kf2 Kd7 22. h4 Kd6 23. hxg5 hxg5 24. Rh1 Rh8 25. Bh7 Rde8 26. Rh6+
Re6 27. Rdh1 Rxh6 28. Rxh6+ Ke7 29. a3 Ne5 30. b3 Ng6 31. Rh1 Kf6 32. Kg1 d3
33. cxd3 Nf8 34. Rh6+ Kg7 35. Rb6 Rxh7 36. Rxb7 Rh6 37. Kf2 d4 38. a4 Rc6 39.
b4 Ne6 40. a5 Nf4 41. Rd7 Nxd3+ 42. Kg3 Nxb4  0-1

[Event "ASIAN JUNIORS & GIRLS UNDER-20 CHESS CHAMPIONSHIPS"]
[Site "Tagaytay City, Philippines"]
[Date "2014.11.30"]
[Round "2"]
[Board "4"]
[White "IVANA MARIA, Furtado"]
[Black "SAN DIEGO, Jerlyn Mae"]
[Result "1-0"]
[WhiteElo "2219"]
[BlackElo "1411"]
[PlyCount "113"]
[EventDate "2014.11.29"]
[EventRounds "9"]
[EventCountry "PHI"]

1. Nf3 Nf6 2. c4 e6 3. Nc3 b6 4. e4 d6 5. d4 Bb7 6. Bd3 Nbd7 7. O-O Be7 8. Qe2
e5 9. Nd5 O-O 10. dxe5 Nxe5 11. Nxe5 dxe5 12. b3 Bc5 13. Bg5 Bxd5 14. cxd5 Bd4
15. Rac1 h6 16. Bxf6 Qxf6 17. Rxc7 Bc5 18. Qg4 Kh8 19. Ba6 Rad8 20. Bc8 a5 21.
Qf5 Qxf5 22. Bxf5 g6 23. Bd7 Bd6 24. Rb7 Rb8 25. Rxb8 Bxb8 26. Rc1 Bd6 27. Bc6
Bc5 28. Kf1 Kg7 29. Ke2 f5 30. exf5 gxf5 31. f3 Kf6 32. Kd3 f4 33. Ke4 Rg8 34.
Rc2 Rg5 35. Bd7 Rh5 36. h3 Rg5 37. Bg4 h5 38. h4 Rg7 39. Bh3 Re7 40. d6 Re8 41.
d7 Rd8 42. Kd5 Rg8 43. a3 Rd8 44. Rc4 Bxa3 45. Rc6+ Kg7 46. Rxb6 Be7 47. Rc6
Bxh4 48. Rc8 Bf6 49. Kd6 Rf8 50. Rxf8 Kxf8 51. Kc7 e4 52. fxe4 Be5+ 53. Kc8 Bf6
54. e5 Be7 55. e6 Kg7 56. d8=Q Bxd8 57. Kxd8  1-0

[Event "ASIAN JUNIORS & GIRLS UNDER-20 CHESS CHAMPIONSHIPS"]
[Site "Tagaytay City, Philippines"]
[Date "2014.11.30"]
[Round "2"]
[Board "5"]
[White "SUEDE, Mikee Charlene"]
[Black "SUPRIYA, Joshi"]
[Result "1/2-1/2"]
[WhiteElo "1938"]
[BlackElo "1895"]
[PlyCount "99"]
[EventDate "2014.11.29"]
[EventRounds "9"]
[EventCountry "PHI"]

1. e4 c6 2. Nc3 d5 3. Qe2 d4 4. Nd1 e5 5. d3 g6 6. g3 Bg7 7. Bg2 Ne7 8. f4 c5
9. Nf3 Nbc6 10. O-O O-O 11. Nf2 Qc7 12. fxe5 Nxe5 13. Nxe5 Bxe5 14. Bh6 Bg7 15.
Bf4 Qb6 16. b3 Nc6 17. Ng4 Bxg4 18. Qxg4 Ne5 19. Qh4 Qc6 20. a4 b6 21. g4 a6
22. g5 f6 23. gxf6 Qxf6 24. Bg5 Qc6 25. Be7 Rxf1+ 26. Rxf1 Re8 27. Bg5 b5 28.
axb5 axb5 29. Bf4 c4 30. bxc4 bxc4 31. Bxe5 Bxe5 32. Qf2 Qe6 33. Bh3 Qe7 34.
dxc4 Rf8 35. Qe2 Qg5+ 36. Kh1 Rxf1+ 37. Bxf1 Bf4 38. Qg2 Qxg2+ 39. Kxg2 Bd6 40.
h3 Kf7 41. Kf3 Ke6 42. Kg4 h6 43. h4 Ke5 44. Bg2 Be7 45. h5 g5 46. Kf3 Bc5 47.
Bh3 Bb4 48. Bf5 Bc5 49. Bd7 Bb4 50. Bc6  1/2-1/2

[Event "ASIAN JUNIORS & GIRLS UNDER-20 CHESS CHAMPIONSHIPS"]
[Site "Tagaytay City, Philippines"]
[Date "2014.11.30"]
[Round "2"]
[Board "6"]
[White "ROMERO, Gladys Hazelle"]
[Black "SHAIKHA, Abdallah Aldhaheri"]
[Result "1-0"]
[WhiteElo "1838"]
[BlackElo "1555"]
[PlyCount "35"]
[EventDate "2014.11.29"]
[EventRounds "9"]
[EventCountry "PHI"]

1. d4 d5 2. c4 dxc4 3. e3 e5 4. Nf3 exd4 5. Qxd4 Qxd4 6. Nxd4 Bd6 7. Bxc4 a6 8.
a4 g6 9. Nc3 Nd7 10. b3 Ne5 11. Be2 Ne7 12. O-O Nf5 13. Bb2 O-O 14. Ne4 Ng7 15.
f4 Ng4 16. Bxg4 f5 17. Nxd6 cxd6 18. Bf3  1-0

[Event "ASIAN JUNIORS & GIRLS UNDER-20 CHESS CHAMPIONSHIPS"]
[Site "Tagaytay City, Philippines"]
[Date "2014.11.30"]
[Round "2"]
[Board "7"]
[White "AL-MOAAMARI, Mozah"]
[Black "ZISHA, Zahuratul Zannat"]
[Result "1-0"]
[WhiteElo "1457"]
[BlackElo "1736"]
[PlyCount "107"]
[EventDate "2014.11.29"]
[EventRounds "9"]
[EventCountry "PHI"]

1. c4 e5 2. Nc3 Nf6 3. g3 c6 4. Bg2 Bc5 5. e3 d6 6. Nge2 Be6 7. d3 a6 8. O-O
Qd7 9. a3 b5 10. cxb5 axb5 11. Nxb5 d5 12. Nbc3 Na6 13. Na4 Ba7 14. Qc2 Rc8 15.
Bd2 c5 16. Rac1 O-O 17. Nac3 d4 18. Ne4 Nd5 19. Ng5 Bg4 20. Rfe1 h6 21. Nf3
dxe3 22. Nxe5 exf2+ 23. Kxf2 Qf5+ 24. Nf3 Rfe8 25. Qc4 Rc6 26. Qb5 Rce6 27. Qc4
Nac7 28. Nf4 Nxf4 29. Bxf4 Nd5 30. Nh4 Re2+ 31. Rxe2 Rxe2+ 32. Kg1 Qf6 33. Qxd5
c4+ 34. Kh1 Qe7 35. Be4 g5 36. Nf5 Bxf5 37. Qxf5 Bd4 38. Qh7+ Kf8 39. Qxh6+ Ke8
40. Bc6+ Kd8 41. Qxg5 Qxg5 42. Bxg5+ f6 43. Bf4 cxd3 44. Rd1 Bxb2 45. Rxd3+ Ke7
46. a4 Rc2 47. Rd7+ Ke6 48. Rd6+ Ke7 49. a5 Ba3 50. Rd7+ Ke6 51. Bb5 Rc5 52.
Rb7 Rc2 53. a6 Bc5 54. a7  1-0

[Event "ASIAN JUNIORS & GIRLS UNDER-20 CHESS CHAMPIONSHIPS"]
[Site "Tagaytay City, Philippines"]
[Date "2014.11.30"]
[Round "3"]
[Board "1"]
[White "PUJARI, Rucha"]
[Black "ZHYLKAIDAROVA,  Sholpan"]
[Result "1/2-1/2"]
[WhiteElo "2109"]
[BlackElo "2149"]
[PlyCount "102"]
[EventDate "2014.11.29"]
[EventRounds "9"]
[EventCountry "PHI"]

1. d4 d5 2. c4 e6 3. Nf3 Nf6 4. Nc3 c6 5. e3 Nbd7 6. Qc2 Bd6 7. a3 O-O 8. e4 e5
9. cxd5 cxd5 10. exd5 exd4 11. Nxd4 Nb6 12. Bd3 Re8+ 13. Be3 Bf4 14. O-O-O Rxe3
15. fxe3 Bxe3+ 16. Kb1 Bxd4 17. Bxh7+ Nxh7 18. Rxd4 Qf6 19. Qd2 Bf5+ 20. Ka1
Rd8 21. g4 Bd7 22. h4 Qf3 23. Rg1 Re8 24. Rf4 Qe3 25. Qxe3 Rxe3 26. g5 Rd3 27.
Rb4 g6 28. Rd1 Rxd1+ 29. Nxd1 f6 30. Nc3 fxg5 31. hxg5 Nxg5 32. a4 Nf7 33. a5
Nc8 34. Rxb7 Bf5 35. b4 Nfd6 36. Rc7 g5 37. b5 g4 38. b6 axb6 39. a6 b5 40. a7
Nb6 41. Rc6 Ndc8 42. Nxb5 Bd7 43. Rc3 Kf7 44. Kb1 Bxb5 45. Rxc8 g3 46. Rc3 g2
47. Rg3 Bd3+ 48. Kc1 Be4 49. Kd2 Bxd5 50. Ke3 Nc8 51. Kf2 Nxa7  1/2-1/2

[Event "ASIAN JUNIORS & GIRLS UNDER-20 CHESS CHAMPIONSHIPS"]
[Site "Tagaytay City, Philippines"]
[Date "2014.11.30"]
[Round "3"]
[Board "2"]
[White "NANDHIDHAA, Pv"]
[Black "IVANA MARIA, Furtado"]
[Result "1/2-1/2"]
[WhiteElo "2177"]
[BlackElo "2219"]
[PlyCount "59"]
[EventDate "2014.11.29"]
[EventRounds "9"]
[EventCountry "PHI"]

1. e4 c6 2. d4 d5 3. exd5 cxd5 4. Bd3 Nc6 5. c3 Qc7 6. h3 e6 7. Nf3 Bd6 8. Nbd2
Nge7 9. O-O Bd7 10. c4 Bf4 11. Nb3 Nb4 12. Bxf4 Qxf4 13. c5 Nxd3 14. Qxd3 Ng6
15. Rfe1 f6 16. Nc1 O-O 17. Ne2 Qc7 18. Nc3 a5 19. Rac1 Bc6 20. Nb5 Qd7 21. a4
Rae8 22. Nd6 Re7 23. Qc3 Ra8 24. b3 Nf8 25. Re3 Qd8 26. Nb5 Ra6 27. Qd3 Be8 28.
Nd6 Bc6 29. Qe2 Ra8 30. Qc2  1/2-1/2

[Event "ASIAN JUNIORS & GIRLS UNDER-20 CHESS CHAMPIONSHIPS"]
[Site "Tagaytay City, Philippines"]
[Date "2014.11.30"]
[Round "3"]
[Board "3"]
[White "SAN DIEGO, Marie Antoinette"]
[Black "SARANYA, J"]
[Result "0-1"]
[WhiteElo "2063"]
[BlackElo "2104"]
[PlyCount "90"]
[EventDate "2014.11.29"]
[EventRounds "9"]
[EventCountry "PHI"]

1. d4 Nf6 2. Nf3 g6 3. Bf4 Bg7 4. e3 d6 5. Be2 O-O 6. O-O Nbd7 7. h3 Qe8 8. c4
e5 9. Bh2 Qe7 10. Nc3 c6 11. b4 Ne8 12. Qc2 f5 13. c5 d5 14. dxe5 Nxe5 15. Nd4
Nf6 16. a3 Kh8 17. Rab1 Ne4 18. Nxe4 fxe4 19. b5 h5 20. bxc6 bxc6 21. Kh1 Qe8
22. Qa4 Bd7 23. Rb7 Rf7 24. Kg1 Qf8 25. Qa5 Kg8 26. Bg3 Bf6 27. Qb4 h4 28. Bh2
a5 29. Qc3 g5 30. Qc2 g4 31. hxg4 Re8 32. g5 Bxg5 33. Bh5 h3 34. Bxf7+ Qxf7 35.
Bxe5 hxg2 36. Rfb1 Rxe5 37. Qe2 Qh7 38. Kxg2 Qh3+ 39. Kg1 Bh6 40. f4 exf3 41.
Qh2 f2+ 42. Kh1 f1=Q+ 43. Rxf1 Qxf1+ 44. Qg1+ Qxg1+ 45. Kxg1 Bxe3+  0-1

[Event "ASIAN JUNIORS & GIRLS UNDER-20 CHESS CHAMPIONSHIPS"]
[Site "Tagaytay City, Philippines"]
[Date "2014.11.30"]
[Round "3"]
[Board "4"]
[White "SAN DIEGO, Jerlyn Mae"]
[Black "MENDOZA, Shania Mae"]
[Result "0-1"]
[WhiteElo "1411"]
[BlackElo "1907"]
[PlyCount "122"]
[EventDate "2014.11.29"]
[EventRounds "9"]
[EventCountry "PHI"]

1. e4 Nf6 2. e5 Nd5 3. d4 d6 4. c4 Nb6 5. exd6 exd6 6. Nc3 Nc6 7. Be3 Bf5 8.
Bd3 Bg6 9. Nf3 Be7 10. O-O O-O 11. a3 Bf6 12. Re1 Re8 13. Bxg6 hxg6 14. Qd3 d5
15. c5 Nc4 16. b3 Nxe3 17. Rxe3 Rxe3 18. fxe3 b6 19. Rd1 g5 20. h3 Ne7 21. b4
a5 22. b5 Rb8 23. c6 Ng6 24. Qf5 Ne7 25. Qg4 Qd6 26. Nxg5 Qxa3 27. Rd3 Qc1+ 28.
Nd1 Qc4 29. Rc3 Qxb5 30. Qh5 Bxg5 31. Qxg5 Kf8 32. Qh5 Qb1 33. Kh2 b5 34. Rc5
b4 35. Rxa5 b3 36. Rc5 b2 37. Nc3 Qe1 38. Qf3 Qxc3 39. Rxc3 b1=Q 40. Ra3 Qc1
41. Ra6 Qc4 42. Ra1 Qxc6 43. Rf1 Qd6+ 44. Kh1 Qg6 45. h4 Rb1 46. Kh2 Rxf1 47.
Qxf1 Qe4 48. Qf2 Nf5 49. Qa2 Nxh4 50. Qa8+ Ke7 51. Qa3+ Kf6 52. Qa6+ Kg5 53.
Qe2 Nf5 54. Qf2 Qxe3 55. Qa2 Qxd4 56. Qc2 Qf4+ 57. Kg1 Ne3 58. Qe2 f6 59. Qd3
Qg3 60. Qe2 c5 61. Qd2 d4  0-1

[Event "ASIAN JUNIORS & GIRLS UNDER-20 CHESS CHAMPIONSHIPS"]
[Site "Tagaytay City, Philippines"]
[Date "2014.11.30"]
[Round "3"]
[Board "5"]
[White "SUPRIYA, Joshi"]
[Black "AL-MOAAMARI, Mozah"]
[Result "1-0"]
[WhiteElo "1895"]
[BlackElo "1457"]
[PlyCount "57"]
[EventDate "2014.11.29"]
[EventRounds "9"]
[EventCountry "PHI"]

1. e4 e6 2. d4 d5 3. Nd2 dxe4 4. Nxe4 Nd7 5. Nf3 Ngf6 6. Bd3 c5 7. Nxf6+ Nxf6
8. dxc5 Bxc5 9. Bg5 Bd7 10. Qe2 Bc6 11. O-O-O Qe7 12. Ne5 Rc8 13. f4 O-O 14.
Ng4 Rfd8 15. Nxf6+ gxf6 16. Bh4 Kf8 17. Qh5 Ke8 18. f5 e5 19. Qxh7 Be3+ 20. Kb1
Bxg2 21. Bb5+ Bc6 22. Qh8+ Qf8 23. Rxd8+ Rxd8 24. Qxf6 Rd7 25. Bxc6 bxc6 26.
Qxe5+ Re7 27. Qxe7+ Qxe7 28. Bxe7 Kxe7 29. Re1  1-0

[Event "ASIAN JUNIORS & GIRLS UNDER-20 CHESS CHAMPIONSHIPS"]
[Site "Tagaytay City, Philippines"]
[Date "2014.11.30"]
[Round "3"]
[Board "7"]
[White "ZISHA, Zahuratul Zannat"]
[Black "SUEDE, Mikee Charlene"]
[Result "0-1"]
[WhiteElo "1736"]
[BlackElo "1938"]
[PlyCount "50"]
[EventDate "2014.11.29"]
[EventRounds "9"]
[EventCountry "PHI"]

1. e4 e6 2. d4 d5 3. exd5 exd5 4. Nf3 Bd6 5. h3 Ne7 6. Bd3 Bf5 7. Nc3 Qd7 8.
Ne5 Bxe5 9. dxe5 c6 10. O-O O-O 11. Be3 d4 12. Bxf5 Nxf5 13. Qd3 dxe3 14. Rad1
Qxd3 15. Rxd3 exf2+ 16. Rxf2 Ne7 17. Rfd2 Na6 18. Rd7 Ng6 19. Rxb7 Nxe5 20. Rd6
Nc4 21. Rdd7 Nc5 22. Rxa7 Nxd7 23. Rxd7 Nxb2 24. Rb7 Nc4 25. Rb4 Ne5  0-1

[Event "ASIAN JUNIORS & GIRLS UNDER-20 CHESS CHAMPIONSHIPS"]
[Site "Tagaytay City, Philippines"]
[Date "2014.11.30"]
[Round "3"]
[Board "8"]
[White "SHAIKHA, Abdallah Aldhaheri"]
[Black "JAISWAL, Bina"]
[Result "1-0"]
[WhiteElo "1555"]
[BlackElo "1557"]
[PlyCount "89"]
[EventDate "2014.11.29"]
[EventRounds "9"]
[EventCountry "PHI"]

1. d4 d5 2. c4 e6 3. Nc3 Nf6 4. cxd5 exd5 5. Bg5 Be7 6. e3 c6 7. Qc2 Nbd7 8.
Bd3 g6 9. Nge2 Nb6 10. h3 Be6 11. O-O-O O-O 12. Bxf6 Bxf6 13. g4 Rc8 14. f4 Bd7
15. g5 Bg7 16. h4 Re8 17. e4 a6 18. e5 c5 19. dxc5 Rxc5 20. Kb1 Bb5 21. Bxb5
axb5 22. Qb3 Qd7 23. Nd4 Rd8 24. Ncxb5 Qg4 25. Na3 Nc4 26. Nxc4 Rxc4 27. Qe3
Bf8 28. Rhg1 Qc8 29. Rc1 Bc5 30. Rcd1 Bxd4 31. Rxd4 Qf5+ 32. Ka1 Qc2 33. Rxc4
Qxc4 34. Rc1 Qa6 35. Qd4 Qe6 36. Rc7 Rc8 37. Qc5 Rxc7 38. Qxc7 Qc6 39. Qxc6
bxc6 40. a4 d4 41. a5 d3 42. Kb1 Kf8 43. a6 d2 44. Kc2 Ke8 45. a7  1-0